[Event "Bangkok Big Rook op"]
[Site "Bangkok"]
[Date "2023.05.05"]
[Round "3"]
[White "Wongsawan, Thoetsak"]
[Black "Nguyen, Vincent"]
[Result "0-1"]
[WhiteElo "1857"]
[BlackElo "2258"]
[PlyCount "100"]
[EventDate "2023.05.04"]
[EventType "swiss"]
[EventRounds "7"]
[EventCountry "THA"]
[SourceTitle "CBM 214 Extra"]
[Source "ChessBase"]
[SourceDate "2023.07.31"]
[SourceVersion "1"]
[SourceVersionDate "2023.07.31"]
[SourceQuality "1"]

1. d4 Nf6 2. Nf3 g6 3. Bf4 Bg7 4. Nbd2 0-0 5. e4 d5 6. e5 Nfd7 7. c3 c5 8. h4 Nc6 9. h5 cxd4 10. cxd4 Qb6 11. Nb3 a5 12. a4 Nb4 13. Bb5 Nb8 14. Bg5 N8c6 15. Rc1 f6 16. Be3 Bg4 17. h6 Bh8 18. Nbd2 Rac8 19. 0-0 Qd8 20. exf6 Bxf6 21. Be2 Bf5 22. Qb3 Qb6 23. Rc5 Nxd4 24. Nxd4 Rxc5 25. Nxf5 gxf5 26. Bxc5 Qxc5 27. Bb5 Kh8 28. Bd7 Qc2 29. Qxc2 Nxc2 30. Bxf5 Nb4 31. Nf3 Bxb2 32. Bb1 e5 33. Ng5 e4 34. Rd1 Rc8 35. f3 Rc1 36. Rxc1 Bxc1 37. Nf7+ Kg8 38. Nd6 exf3 39. gxf3 b6 40. Nf5 d4 41. Kf1 d3 42. Ke1 Bf4 43. Kd1 Kf7 44. Nd4 Bxh6 45. Nb3 Be3 46. Nc1 Bxc1 47. Kxc1 h5 48. Kd2 h4 49. Ke3 h3 50. f4 h2 0-1

[Event "Phuket Blue Chevaliers op"]
[Site "Phuket"]
[Date "2022.07.14"]
[Round "6"]
[White "Nguyen, Vincent"]
[Black "Muzzafar, Ahmad"]
[Result "1/2-1/2"]
[WhiteElo "2291"]
[BlackElo "1851"]
[PlyCount "128"]
[EventDate "2022.07.11"]
[EventType "swiss"]
[EventRounds "9"]
[EventCountry "THA"]
[SourceTitle "CBM 209 Extra"]
[Source "ChessBase"]
[SourceDate "2022.09.30"]
[SourceVersion "1"]
[SourceVersionDate "2022.09.30"]
[SourceQuality "1"]

1. Nf3 Nf6 2. g3 g6 3. Bg2 Bg7 4. 0-0 d6 5. d4 0-0 6. c4 c6 7. Nc3 Qa5 8. h3 Be6 9. Nd2 d5 10. Nb3 Qb4 11. c5 b6 12. Bf4 Nbd7 13. cxb6 axb6 14. Rc1 Ne4 15. a3 Nxc3 16. Rxc3 Qb5 17. Qd2 Nf6 18. Qd3 Qxd3 19. Rxd3 Rfc8 20. Rc1 Nd7 21. Rd2 h5 22. Be3 Bf5 23. f3 e5 24. g4 hxg4 25. hxg4 Be6 26. Rdc2 exd4 27. Nxd4 c5 28. Nxe6 fxe6 29. f4 Ra4 30. Rf1 d4 31. Bc1 Nf6 32. Bf3 b5 33. Kf2 Ra7 34. Kg3 c4 35. e4 Nd7 36. e5 g5 37. Re1 Rf8 38. Bc6 Nc5 39. Bxb5 gxf4+ 40. Kf3 Nd3 41. Rg1 Nxe5+ 42. Ke4 d3 43. Rf2 Raf7 44. Rxf4 Rd8 45. Rg2 Rb7 46. a4 Rc7 47. Bd2 Ng6 48. Rf1 Rcc8 49. Ba5 Rd4+ 50. Ke3 Rd5 51. g5 Nh4 52. Rh2 Nf5+ 53. Kd2 Nd4 54. Bc3 Rxg5 55. Bxd4 Bxd4 56. Bd7 Rb8 57. Bxe6+ Kg7 58. Kc1 c3 59. bxc3 Bxc3 60. Rh3 Rd8 61. Bb3 Rg2 62. Bc4 Rc2+ 63. Kd1 Rd2+ 64. Kc1 Rc2+ 1/2-1/2

[Event "Phuket Blue Chevaliers op"]
[Site "Phuket"]
[Date "2022.07.12"]
[Round "3"]
[White "Arunnuntapanich, Tinnakrit"]
[Black "Nguyen, Vincent"]
[Result "1/2-1/2"]
[WhiteElo "2117"]
[BlackElo "2291"]
[PlyCount "119"]
[EventDate "2022.07.11"]
[EventType "swiss"]
[EventRounds "9"]
[EventCountry "THA"]
[SourceTitle "CBM 209 Extra"]
[Source "ChessBase"]
[SourceDate "2022.09.30"]
[SourceVersion "1"]
[SourceVersionDate "2022.09.30"]
[SourceQuality "1"]

1. d4 e6 2. c4 f5 3. Nf3 Nf6 4. Nc3 Bb4 5. Bd2 0-0 6. g3 b6 7. Bg2 Bb7 8. 0-0 Bxc3 9. Bxc3 Ne4 10. Qc2 Nxc3 11. Qxc3 Qf6 12. Rac1 d6 13. c5 bxc5 14. dxc5 Bxf3 15. Qxf6 gxf6 16. Bxf3 d5 17. c6 a5 18. e3 Na6 19. b3 Kf7 20. h3 Ke7 21. Rfd1 Rfd8 22. Rd4 Kd6 23. Rh4 Rh8 24. Rh6 Raf8 25. g4 fxg4 26. hxg4 Nc5 27. Kf1 Kxc6 28. e4 dxe4 29. Rh5 e5 30. Bxe4+ Kb6 31. Bf5 Rd8 32. Ke2 Rd6 33. Rc2 h6 34. f3 Na6 35. Be4 c5 36. Rd2 Rxd2+ 37. Kxd2 Nc7 38. Rf5 Ne8 39. Kc3 Kc7 40. a3 Kd7 41. Rh5 Nd6 42. Bd3 Nf7 43. Kc4 Rb8 44. Bf5+ Ke7 45. Kc3 Ra8 46. Be4 Ra7 47. Bd5 Ng5 48. Rxh6 a4 49. Rg6 Ra5 50. Rg7+ Kd6 51. Be4 axb3 52. Kxb3 Ne6 53. Rg6 Ke7 54. Rh6 Nd4+ 55. Kc4 Rxa3 56. Kxc5 Ne6+ 57. Kb4 Re3 58. Rh7+ Kf8 59. Rh6 Ng5 60. Rxf6+ 1/2-1/2

[Event "Syre Memorial op 36th"]
[Site "Issy les Moulineaux"]
[Date "2013.05.12"]
[Round "6"]
[White "Haie, Arnaud"]
[Black "Nguyen, Vincent"]
[Result "1-0"]
[WhiteElo "2141"]
[BlackElo "1794"]
[PlyCount "65"]
[EventDate "2013.05.08"]
[EventType "swiss"]
[EventRounds "7"]
[EventCountry "FRA"]
[SourceTitle "EXT 2015"]
[Source "ChessBase"]
[SourceDate "2014.11.20"]
[SourceVersion "1"]
[SourceVersionDate "2014.11.20"]
[SourceQuality "1"]

1. d4 d5 2. c4 e5 3. dxe5 d4 4. Nf3 Nc6 5. g3 Nge7 6. Bg2 Ng6 7. 0-0 Ngxe5 8. Nbd2 Be7 9. b3 Nxf3+ 10. Nxf3 Bf5 11. Bb2 Bf6 12. Qd2 Qd7 13. Rad1 0-0-0 14. b4 Bh3 15. b5 Ne5 16. Nxe5 Bxe5 17. Qa5 Bxg2 18. Kxg2 Qe6 19. Qxa7 Qb6 20. Qa3 Rhe8 21. Rd2 Kb8 22. Rfd1 c5 23. Qd3 Qe6 24. a4 h5 25. a5 h4 26. a6 hxg3 27. Qf3 Rd7 28. fxg3 Rh8 29. Kg1 Qh6 30. e3 Re7 31. exd4 Bxd4+ 32. Bxd4 cxd4 33. axb7 1-0

[Event "FRA-chT U20"]
[Site "France"]
[Date "2012.05.27"]
[Round "?"]
[White "Niepceron, Aurelien"]
[Black "Nguyen, Vincent"]
[Result "0-1"]
[WhiteElo "1370"]
[BlackElo "2212"]
[PlyCount "76"]
[EventDate "2012.05.26"]
[EventType "team-swiss"]
[EventRounds "9"]
[EventCountry "FRA"]
[SourceTitle "EXT 2014"]
[Source "ChessBase"]
[SourceDate "2013.11.20"]
[SourceVersion "1"]
[SourceVersionDate "2013.11.20"]
[SourceQuality "1"]

1. e4 c5 2. Nf3 Nc6 3. d4 cxd4 4. Nxd4 g6 5. c4 Bg7 6. Be3 Nf6 7. Nc3 Ng4 8. Qxg4 Nxd4 9. Qd1 Ne6 10. Be2 0-0 11. 0-0 d6 12. Rc1 Nc5 13. f3 Be6 14. b3 Rc8 15. Kh1 a5 16. Nb5 Bd7 17. Nd4 Qe8 18. Rb1 Ne6 19. f4 a4 20. Rf3 axb3 21. axb3 Nc5 22. Qc2 f5 23. exf5 Bxd4 24. fxg6 Bf5 25. gxh7+ Kxh7 26. Rh3+ Kg8 27. Rg3+ Bg7 28. Qc3 e5 29. Ra1 Ne4 30. Qe1 Nxg3+ 31. Qxg3 exf4 32. Qxf4 Bxa1 33. Qg3+ Qg6 34. Qh4 Rce8 35. Bh5 Qe6 36. Bxe8 Qxe3 37. Bh5 Qc1+ 38. Qe1 Qxe1# 0-1

[Event "FRA-chT U20 1112"]
[Site "France"]
[Date "2011.12.04"]
[Round "2"]
[White "Burri, Quentin"]
[Black "Nguyen, Vincent"]
[Result "1/2-1/2"]
[WhiteElo "1716"]
[BlackElo "1689"]
[PlyCount "105"]
[EventDate "2011.12.03"]
[EventType "team-swiss"]
[EventRounds "7"]
[EventCountry "FRA"]
[SourceTitle "EXT 2013"]
[Source "ChessBase"]
[SourceDate "2012.11.22"]
[SourceVersion "1"]
[SourceVersionDate "2012.11.22"]
[SourceQuality "1"]

1. e4 c5 2. Nc3 Nc6 3. Bb5 Na5 4. Nf3 a6 5. Be2 d6 6. d4 cxd4 7. Nxd4 g6 8. Be3 Bg7 9. 0-0 Nf6 10. f4 0-0 11. h3 b5 12. e5 dxe5 13. fxe5 Nd7 14. Bf3 Rb8 15. e6 Ne5 16. exf7+ Nxf7 17. Bd5 Qe8 18. Bf2 Kh8 19. Re1 e5 20. Bg3 Bb7 21. Ne6 Bxd5 22. Nxg7 Kxg7 23. Qxd5 Rd8 24. Bxe5+ Nxe5 25. Qxe5+ Qxe5 26. Rxe5 Rd2 27. Re2 Rxe2 28. Nxe2 Rd8 29. Kf1 Nc4 30. b3 Ne3+ 31. Kf2 Nxc2 32. Rc1 Nb4 33. Rc7+ Kg8 34. a3 Rf8+ 35. Kg3 Nd3 36. Ra7 Rf6 37. Nc3 Rd6 38. Ne4 Rc6 39. Ng5 h6 40. Nf7 h5 41. Kh4 Rf6 42. Nh6+ Kf8 43. Kg5 Rc6 44. Nf7 Kg8 45. Nd8 Rd6 46. Nf7 Rc6 47. Kh6 Kf8 48. Ng5 Nf4 49. g3 Nd5 50. Ra8+ Ke7 51. Rg8 Rc3 52. Rg7+ Ke8 53. Rxg6 1/2-1/2

[Event "Massy op"]
[Site "Massy"]
[Date "2010.06.??"]
[Round "?"]
[White "Demetz, Yves"]
[Black "Nguyen, Vincent"]
[Result "0-1"]
[WhiteElo "1833"]
[BlackElo "2211"]
[PlyCount "57"]
[EventDate "2010.06.??"]
[EventType "swiss"]
[EventRounds "7"]
[EventCountry "FRA"]
[SourceTitle "EXT 2011"]
[Source "ChessBase"]
[SourceDate "2010.11.26"]
[SourceVersion "1"]
[SourceVersionDate "2010.11.26"]
[SourceQuality "1"]

1. e4 e6 2. d4 d5 3. e5 c5 4. c3 Qb6 5. Nf3 Nc6 6. Bd3 cxd4 7. cxd4 Bd7 8. 0-0 Nxd4 9. Nxd4 Qxd4 10. Nc3 a6 11. Qe2 Rc8 12. Kh1 Qh4 13. f4 Bc5 14. f5 Qd4 15. Bd2 Be7 16. Rf4 Qb6 17. Qg4 Qxb2 18. Rd1 g5 19. f6 gxf4 20. Qg7 Rxc3 21. Bxc3 Qxc3 22. Qxh8 Bf8 23. Qxg8 Ba4 24. Qg4 Bxd1 25. Qxd1 Qxe5 26. Qa4+ Kd8 27. Qa5+ Qc7 28. Qe1 Bb4 29. Qf1 0-1

[Event "Massy op"]
[Site "Massy"]
[Date "2010.06.??"]
[Round "?"]
[White "Nguyen, Vincent"]
[Black "Debray, Christopher"]
[Result "0-1"]
[WhiteElo "2211"]
[BlackElo "2377"]
[PlyCount "50"]
[EventDate "2010.06.??"]
[EventType "swiss"]
[EventRounds "7"]
[EventCountry "FRA"]
[SourceTitle "EXT 2011"]
[Source "ChessBase"]
[SourceDate "2010.11.26"]
[SourceVersion "1"]
[SourceVersionDate "2010.11.26"]
[SourceQuality "1"]

1. e4 e5 2. Nf3 Nc6 3. Bc4 Nf6 4. Ng5 d5 5. exd5 Na5 6. d3 h6 7. Nf3 e4 8. Qe2 Nxc4 9. dxc4 Bc5 10. Nfd2 0-0 11. Nb3 Bg4 12. Qf1 Bb4+ 13. c3 Be7 14. Be3 b5 15. h3 bxc4 16. Qxc4 Bh5 17. g4 Bg6 18. N1d2 Nxd5 19. 0-0-0 Nxe3 20. fxe3 Bg5 21. Nf1 Qf6 22. Qc5 Rfd8 23. Nd4 Qf2 24. Nc2 Rxd1+ 25. Kxd1 Qf3+ 0-1

[Event "Massy op"]
[Site "Massy"]
[Date "2010.06.??"]
[Round "?"]
[White "Nguyen, Vincent"]
[Black "Trkulja, Nicolas"]
[Result "1-0"]
[WhiteElo "2211"]
[BlackElo "1725"]
[PlyCount "55"]
[EventDate "2010.06.??"]
[EventType "swiss"]
[EventRounds "7"]
[EventCountry "FRA"]
[SourceTitle "EXT 2011"]
[Source "ChessBase"]
[SourceDate "2010.11.26"]
[SourceVersion "1"]
[SourceVersionDate "2010.11.26"]
[SourceQuality "1"]

1. e4 e6 2. d4 d5 3. Nd2 a6 4. c3 Nf6 5. e5 Nfd7 6. Bd3 c5 7. Ne2 Nc6 8. 0-0 cxd4 9. cxd4 f6 10. Nf4 Qe7 11. Qh5+ Kd8 12. Nf3 g5 13. Ne2 h6 14. Bd2 Qg7 15. Rac1 fxe5 16. Nxe5 Ndxe5 17. dxe5 Bd7 18. f4 Be7 19. Be3 Kc7 20. f5 exf5 21. Bxf5 Bxf5 22. Rxf5 Raf8 23. Nd4 Kd7 24. Rxf8 Rxf8 25. Qg4+ Ke8 26. Rxc6 bxc6 27. Qc8+ Bd8 28. Ne6 1-0

[Event "Orsay op"]
[Site "Orsay"]
[Date "2008.03.08"]
[Round "6"]
[White "Nguyen, Vincent"]
[Black "D'Avout d'Averstaedt, Geoffroy"]
[Result "1-0"]
[WhiteElo "1870"]
[BlackElo "2050"]
[PlyCount "67"]
[EventDate "2008.03.06"]
[EventType "swiss"]
[EventRounds "7"]
[EventCountry "FRA"]
[SourceTitle "EXT 2010"]
[Source "ChessBase"]
[SourceDate "2010.11.25"]
[SourceVersion "1"]
[SourceVersionDate "2010.11.25"]
[SourceQuality "1"]

1. e4 e6 2. d4 d5 3. Nd2 Nf6 4. e5 Nfd7 5. Bd3 c5 6. c3 Nc6 7. Ne2 cxd4 8. cxd4 f6 9. Nf4 Nxd4 10. Qh5+ Ke7 11. Ng6+ hxg6 12. exf6+ Kxf6 13. Qxh8 Kf7 14. Qh3 e5 15. Nf3 Nxf3+ 16. Qxf3+ Nf6 17. Qd1 e4 18. Be2 Be6 19. Be3 Bb4+ 20. Bd2 Bc5 21. Rc1 Qb6 22. 0-0 Rh8 23. Bf4 g5 24. Bg3 Bd6 25. Qb3 Bxg3 26. Qxg3 Qxb2 27. Rc7+ Kg6 28. Bd1 Qb6 29. Bb3 Bf5 30. Rfc1 Re8 31. h4 g4 32. Qf4 Qe6 33. Qg5+ Kh7 34. Qxg7# 1-0

[Event "Orsay op"]
[Site "Orsay"]
[Date "2008.03.07"]
[Round "5"]
[White "Jouy, Guy"]
[Black "Nguyen, Vincent"]
[Result "1-0"]
[WhiteElo "2010"]
[BlackElo "1925"]
[PlyCount "62"]
[EventDate "2008.03.06"]
[EventType "swiss"]
[EventRounds "7"]
[EventCountry "FRA"]
[SourceTitle "EXT 2010"]
[Source "ChessBase"]
[SourceDate "2010.11.25"]
[SourceVersion "1"]
[SourceVersionDate "2010.11.25"]
[SourceQuality "1"]

1. e4 e6 2. d4 d5 3. exd5 exd5 4. Bd3 Nc6 5. c3 Bd6 6. Nf3 Bg4 7. Nbd2 Nf6 8. 0-0 0-0 9. Re1 Ne7 10. c4 c6 11. Qb3 Rb8 12. Ne5 Bxe5 13. Rxe5 dxc4 14. Nxc4 Be6 15. Qd1 Bg4 16. Be2 Bxe2 17. Rxe2 Nf5 18. Bf4 Rc8 19. Be5 Nd5 20. Ne3 Nh4 21. Bg3 Nxe3 22. Bxh4 Qxh4 23. fxe3 Rfe8 24. Qe1 Qe4 25. Qb1 Qd5 26. Qc2 Re4 27. Qc5 Qxc5 28. dxc5 Rd8 29. a3 a5 30. Rc1 Rd3 31. Kf2 f5 1-0

[Event "FRA-ch U12"]
[Site "Aix les Bains"]
[Date "2006.??.??"]
[Round "7"]
[White "Saatdjian, Stephane"]
[Black "Nguyen, Vincent"]
[Result "1-0"]
[WhiteElo "1881"]
[BlackElo "1727"]
[PlyCount "25"]
[EventDate "2006.04.16"]
[EventType "swiss"]
[EventRounds "9"]
[EventCountry "FRA"]
[SourceTitle "EXT 2007"]
[Source "ChessBase"]
[SourceDate "2006.11.23"]
[SourceVersion "1"]
[SourceVersionDate "2006.11.23"]
[SourceQuality "1"]

1. e4 e6 2. Nf3 d5 3. Nc3 c5 4. exd5 exd5 5. d4 Nc6 6. dxc5 d4 7. Nb5 Bxc5 8. Bf4 Qe7+ 9. Be2 Bb6 10. Nd6+ Kf8 11. Nb5 Qb4+ 12. c3 Qxb2 13. Bc1 1-0

[Event "France-ch U10"]
[Site "Reims"]
[Date "2004.04.20"]
[Round "4"]
[White "Nguyen, Vincent"]
[Black "Moussard, Jules"]
[Result "0-1"]
[WhiteElo "1590"]
[BlackElo "1952"]
[PlyCount "80"]
[EventDate "2004.04.??"]
[EventType "swiss"]
[EventRounds "9"]
[EventCountry "FRA"]
[SourceTitle "EXT 2005"]
[Source "ChessBase"]
[SourceDate "2004.11.15"]
[SourceVersion "1"]
[SourceVersionDate "2004.11.15"]
[SourceQuality "1"]

1. e4 c5 2. f4 d5 3. exd5 Qxd5 4. Nf3 Bg4 5. Bb5+ Nc6 6. Nc3 Qd7 7. 0-0 e6 8. d3 Nf6 9. Be3 Bd6 10. Qd2 0-0 11. Ne4 Nxe4 12. dxe4 a6 13. Be2 Qc7 14. Ng5 Bxe2 15. Qxe2 h6 16. e5 Be7 17. Ne4 b6 18. Qg4 Kh7 19. Rf3 Nd4 20. Bxd4 cxd4 21. Rg3 Rg8 22. Re1 g6 23. Rh3 Kg7 24. Nf6 Rh8 25. f5 exf5 26. Qd1 Qc6 27. Rd3 Rhd8 28. Re2 Bxf6 29. exf6+ Qxf6 30. Red2 Rac8 31. Rxd4 Rxd4 32. Rxd4 Rxc2 33. Rd6 Rc1 34. Qxc1 Qxd6 35. Qc3+ f6 36. Qb3 Qd4+ 37. Kf1 b5 38. Qf3 Qe4 39. Qd1 Qc4+ 40. Kg1 Qb4 0-1

[Event "FRA-ch U10"]
[Site "Le Grand Bornand"]
[Date "2003.??.??"]
[Round "6.5"]
[White "Samoun, Florent"]
[Black "Nguyen, Vincent"]
[Result "1/2-1/2"]
[WhiteElo "1450"]
[BlackElo "1610"]
[PlyCount "93"]
[EventDate "2003.??.??"]
[EventType "swiss"]
[EventRounds "9"]
[EventCountry "FRA"]
[SourceTitle "EXT 2004"]
[Source "ChessBase"]
[SourceDate "2003.11.25"]
[SourceVersion "1"]
[SourceVersionDate "2003.11.25"]
[SourceQuality "1"]

1. e4 c6 2. d4 d5 3. exd5 cxd5 4. c4 Nf6 5. Nc3 Nc6 6. Nf3 Bg4 7. Bf4 e6 8. Be2 dxc4 9. Bxc4 Bb4 10. a3 Bxc3+ 11. bxc3 0-0 12. 0-0 Nd5 13. Bxd5 Qxd5 14. h3 Bh5 15. Qd3 Rfe8 16. Rad1 Rad8 17. g4 Bg6 18. Qe3 Bc2 19. Rde1 Bb3 20. Nd2 Ba4 21. Kh2 Na5 22. Qe5 Bb5 23. Qxd5 Rxd5 24. Rg1 Rc8 25. Rc1 Bc4 26. Rg3 Nb3 27. Nxb3 Bxb3 28. Rb1 Rb5 29. Be3 Rxc3 30. Bf4 Rxg3 31. Kxg3 Ba4 32. Rxb5 Bxb5 33. Bb8 a6 34. Kf4 Kf8 35. Ke4 f6 36. Bd6+ Ke8 37. g5 f5+ 38. Ke5 Kd7 39. h4 Bc4 40. Bf8 g6 41. Kf6 Ke8 42. Bb4 a5 43. Bc5 b5 44. Kg7 f4 45. Kxh7 Kf7 46. Kh6 Be2 47. Bd6 1/2-1/2